Grafológia v personalistike
Grafológia je jedným z veľmi dobrých pomocníkov pri výbere pracovníkov pre potrebné pracovné pozície. Definícia grafológie. Informácie vyplývajúce z grafologickej analýzy a následného vyhodnotenia môžu zabrániť rôznym omylom pri prijímaní nových pracovníkov na rôzne pracovné pozície, na ktoré nemajú...
Saved in:
| Main Author: | |
|---|---|
| Format: | Book Chapter |
| Language: | Slovak |
| Subjects: | |
| Tags: |
No Tags, Be the first to tag this record!
|
MARC
| LEADER | 00000naa$a2200000$$$4500 | ||
|---|---|---|---|
| 001 | 0075528 | ||
| 005 | 20231013071959.2 | ||
| 041 | 0 | |a slo | |
| 044 | |a SK | ||
| 245 | 1 | 0 | |a Grafológia v personalistike |c Ján Scholtz |
| 520 | |a Grafológia je jedným z veľmi dobrých pomocníkov pri výbere pracovníkov pre potrebné pracovné pozície. Definícia grafológie. Informácie vyplývajúce z grafologickej analýzy a následného vyhodnotenia môžu zabrániť rôznym omylom pri prijímaní nových pracovníkov na rôzne pracovné pozície, na ktoré nemajú predpoklady. Význam využitia grafológie v personalistike. | ||
| 610 | 2 | 0 | |a personalistika |
| 610 | 2 | 0 | |a výber pracovníkov |
| 610 | 2 | 0 | |a písmo |
| 100 | 1 | |a Scholtz, Ján | |